| 000 | 00660nam a22001937a 4500 | ||
|---|---|---|---|
| 005 | 20251114153753.0 | ||
| 008 | 251114b |||||||| |||| 00| 0 eng d | ||
| 037 | _cTB | ||
| 040 |
_aCRL _cCRL |
||
| 041 |
_2HIN _aHIN |
||
| 084 | _bCRL | ||
| 100 |
_aवर्मा, वृंदवानलाल _9851482 |
||
| 245 | _aरानी लक्ष्मीबाई | ||
| 260 |
_aनई दिल्ली, भारत: _bनैशनल बुक ट्रस्ट, _c1982. |
||
| 300 | _a127p. | ||
| 365 |
_b4.00 _cINR |
||
| 942 |
_2CC _cTB _n0 |
||
| 999 |
_c1465399 _d1465399 |
||